NCAA Division II Football Teams Nicknames - Statistics

General Stats
  • This quiz has been taken 79 times
    53 since last reset
  • The average score is 87 of 163
Answer Stats
Hint Answer % Correct
Ashland | Carson-Newman | Chadron State | Post Eagles
96%
Barton | Bowie State | Ferris State | +4 others Bulldogs
92%
Lincoln (PA) | Mars Hill | Missouri Southern Lions
92%
Benedict | East Central | Edward Waters | +4 others Tigers
92%
Lenoir-Rhyne | Shaw Bears
84%
Central Washington | Fort Valley State | Northern Michigan | Wayne State (NE) Wildcats
84%
Bentley | UT Permian Basin Falcons
80%
Chowan | Quincy | Saint Anselm | Shorter Hawks
80%
Bloomsburg | Michigan Tech Huskies
80%
Clark Atlanta | Davenport | Ferrum | +3 others Panthers
80%
Saginaw Valley State | Wheeling | William Jewell Cardinals
72%
Sioux Falls Cougars
72%
Angelo State | Shepherd | Winston-Salem State Rams
72%
East Stroudsburg | Wayne State (MI) | Winona State Warriors
72%
Fayetteville State Broncos
64%
Catawba Indians
64%
Newberry | Northern State | Western Oregon Wolves
64%
New Mexico Highlands Cowboys
60%
Missouri S&T Miners
60%
McKendree | Northwest Missouri State | Southwest Baptist Bearcats
56%
Bemidji State | Minot State Beavers
56%
Emporia State Hornets
56%
Anderson | Virginia State Trojans
56%
Pittsburg State Gorillas
52%
Midwestern State | Southwest Minnesota State | Western New Mexico Mustangs
52%
Southern Connecticut Owls
52%
Oklahoma Baptist Bison
48%
Frostburg State | West Virginia Wesleyan Bobcats
48%
Hillsdale | New Haven Chargers
48%
Charleston | Clarion Golden Eagles
48%
Grand Valley State | Roosevelt Lakers
48%
Limestone | Thomas More Saints
48%
Augustana (SD) | Elizabeth City State Vikings
48%
Allen | American International | Black Hills State | West Virginia State Yellow Jackets
48%
West Texas A&M Buffaloes
44%
Concordia | Kutztown | Miles Golden Bears
44%
Adams State Grizzlies
44%
Colorado Mesa | Minnesota State Mavericks
44%
Colorado Mines Orediggers
44%
Fort Lewis Skyhawks
44%
Slippery Rock The Rock
44%
West Florida Argonauts
40%
UNC Pembroke Braves
40%
UVA Wise | Walsh Cavaliers
40%
Lane | Minnesota State - Moorhead | Tiffin Dragons
40%
Assumption | Eastern New Mexico | Indianapolis Greyhounds
40%
Central Missouri Mules
40%
Glenville State | Tusculum Pioneers
40%
Arkansas Tech Wonder Boys
40%
Central State | Mary | Millersville Marauders
36%
Western Colorado Mountaineers
36%
Findlay Oilers
36%
Franklin Pierce Ravens
36%
Lake Erie Storm
36%
California (PA) Vulcans
36%
Harding Bisons
32%
Arkansas - Monticello Boll Weevils
32%
Central Oklahoma Bronchos
32%
Albany State | West Chester Golden Rams
32%
Tuskegee Golden Tigers
32%
Seton Hill Griffins
32%
Missouri Western Griffons
32%
West Liberty Hilltoppers
32%
Jamestown Jimmies
32%
Nebraska - Kearney Lopers
32%
Northwestern Oklahoma State Rangers
32%
Kentucky State Thorobreds
32%
Emory & Henry Wasps
32%
Lock Haven Bald Eagles
28%
Edinboro Fighting Scots
28%
Erskine Flying Fleet
28%
Johnson C. Smith Golden Bulls
28%
South Dakota Mines Hardrockers
28%
Washburn Ichabods
28%
Sul Ross Lobos
28%
Concord Mountain Lions
28%
Southern Arkansas Muleriders
28%
Upper Iowa Peacocks
28%
Henderson State Reddies
28%
Shippensurg Red Raiders
28%
Northeastern State RiverHawks
28%
Southeastern Oklahoma Savage Storm
28%
Delta State Statesmen
28%
Bluefield State Big Blues
24%
Valdosta State Blazers
24%
IUP Crimson Hawks
24%
Gannon Golden Knights
24%
Texas A&M - Kingsville Javelinas
24%
Morehouse Maroon Tigers
24%
Pace Setters
24%
CSU Pueblo ThunderWolves
24%
Northwood Timberwolves
24%
Livingstone Blue Bears
20%
Lincoln (MO) Blue Tigers
20%
Fairmont State Fighting Falcons
20%
North Greenville Trailblazers
20%
Southern Nazarene Crimson Storm
16%
No matching quizzes found
Score Distribution
Percent of People with Each Score
Percentile by Number Answered
Your Score History
You have not taken this quiz since the last reset